01472nam a2200289 a 4500001001000000005001700010008004100027041000800068044000700076084002100083100004500104245007000149260003000219300002900249500017000278500024700448500009200695500006300787500001000850546002500860650005200885650005600937650003400993650004501027700006001072740005001132BRCA_311120190320204122.0290109s1847----fr-a---###---#000-0dfre-u afre afr a417b.D387c18471 aCervantes Saavedra, Miguel ded1547-161610aAventures de Don Quichotte de la Manchecpar Michel de Cervantes. aParísbE. Ducrocqc1847 axii, 484 p.bil.c22 cm. aContenido : Advertencia del editor. Nota historica y literaria sobre Cervantes. Texto de ambas partes. Resumen de la continuación hecha por Filleau de Saint-Martin aEdición : Edition revue et corrigée par l´Abb, Lejeune chanoine, Professeur a la Faculte de Théologie de Rouen. Illustré de 20 grands Dessins par M.M. Célestin Nanteuil, Bouchot et Demoraine, Nouvelle edition et nouvelle traduction aEdición igual al LO-416. Semipiel; lomo decorado con filetes dorados Lúdovik Osterc aEstado físico : La edición presenta hojas desprendidas aQM342 aTexto en : francés14aNovela españolayÉpoca clásica, 1500-170014aLiteratura españolayÉpoca clásica, 1500-170014aNovela españolaySiglo XVII14aDon Quijote (Personaje ficticio)eNovela1 aSaint-Martin, Francois Filleau ded1632-1695eTraductor0 aEl Ingenioso Hidalgo Don Quijote de la Mancha